<?xml version="1.0" encoding="UTF-8"?>
<record
    xmlns:xsi="http://www.w3.org/2001/XMLSchema-instance"
    xsi:schemaLocation="http://www.loc.gov/MARC21/slim http://www.loc.gov/standards/marcxml/schema/MARC21slim.xsd"
    xmlns="http://www.loc.gov/MARC21/slim">

  <leader>01460nam a22002535i 4500</leader>
  <controlfield tag="001">152976</controlfield>
  <controlfield tag="003">ES-MaACL</controlfield>
  <controlfield tag="005">20250723063351.0</controlfield>
  <controlfield tag="008">040907q17051799sp           |||| | spa d</controlfield>
  <datafield tag="040" ind1=" " ind2=" ">
    <subfield code="a">CAM </subfield>
    <subfield code="b">spa </subfield>
    <subfield code="c">CAM</subfield>
  </datafield>
  <datafield tag="080" ind1=" " ind2=" ">
    <subfield code="a">811.134.2'36</subfield>
  </datafield>
  <datafield tag="100" ind1="1" ind2=" ">
    <subfield code="a">Caro y Cejudo, Jer&#xF3;nimo Mart&#xED;n,</subfield>
    <subfield code="d">1630-1712</subfield>
    <subfield code="e">aut</subfield>
    <subfield code="9">126345</subfield>
  </datafield>
  <datafield tag="245" ind1="1" ind2="0">
    <subfield code="a">Explicacion del libro IV y V del arte nuevo de gramatica :</subfield>
    <subfield code="b">en que tambien se contiene la explicacion de la construccion figurada, relativos &amp; c. y muchas frases sacadas de los autores latinos : con nuevas adiciones en el cuerpo del libro y los tratados de los yerros y descuidos mas notables de la primera y segunda parte del Speculum Grammaticorum / </subfield>
    <subfield code="c">por el maestro Geronimo Martin Caro y Cejudo...; corregida por Francisco de Cepeda...</subfield>
  </datafield>
  <datafield tag="260" ind1=" " ind2=" ">
    <subfield code="a">En Madrid : </subfield>
    <subfield code="b">por la viuda de Joseph Garcia : </subfield>
    <subfield code="b">a costa de la Real Compa&#xF1;ia de Impresores y Libreros, </subfield>
    <subfield code="c">[entre 1705 y 1799]</subfield>
  </datafield>
  <datafield tag="300" ind1=" " ind2=" ">
    <subfield code="a">[14], 471 p&#xE1;ginas ; </subfield>
    <subfield code="c">8&#xBA;.</subfield>
  </datafield>
  <datafield tag="596" ind1=" " ind2=" ">
    <subfield code="a">Palau t.III fecha las ediciones de esta obra entre 1705 y 1799</subfield>
  </datafield>
  <datafield tag="597" ind1=" " ind2=" ">
    <subfield code="a">Sign.: &#xB6;7, A-2F8, 2G4.</subfield>
  </datafield>
  <datafield tag="650" ind1=" " ind2="4">
    <subfield code="a">Lengua espa&#xF1;ola-</subfield>
    <subfield code="x">Gram&#xE1;tica.</subfield>
    <subfield code="9">14161</subfield>
  </datafield>
  <datafield tag="700" ind1="1" ind2=" ">
    <subfield code="a">Cepeda, Francisco de,</subfield>
    <subfield code="d">s. XVIII</subfield>
    <subfield code="9">37429</subfield>
    <subfield code="e">crr</subfield>
  </datafield>
  <datafield tag="852" ind1=" " ind2=" ">
    <subfield code="a">ES-MaACL</subfield>
    <subfield code="c">DEPO2</subfield>
    <subfield code="f">Ex-libris ms. de Josef Villanova</subfield>
    <subfield code="f">Ex-libris ms. de Blas Figueroa </subfield>
    <subfield code="f">Ex-libris ms. de Pedro Alc&#xE1;ntara Salgado</subfield>
    <subfield code="j">F-2182 </subfield>
    <subfield code="x">Holandesa</subfield>
  </datafield>
  <datafield tag="942" ind1=" " ind2=" ">
    <subfield code="2">udc</subfield>
    <subfield code="c">MONANT</subfield>
    <subfield code="n">0</subfield>
  </datafield>
  <datafield tag="999" ind1=" " ind2=" ">
    <subfield code="c">152976</subfield>
    <subfield code="d">152976</subfield>
  </datafield>
  <datafield tag="952" ind1=" " ind2=" ">
    <subfield code="0">0</subfield>
    <subfield code="1">0</subfield>
    <subfield code="4">0</subfield>
    <subfield code="7">0</subfield>
    <subfield code="a">ATENEOM</subfield>
    <subfield code="b">ATENEOM</subfield>
    <subfield code="c">DEPO2</subfield>
    <subfield code="d">2008-01-17</subfield>
    <subfield code="e">SSC</subfield>
    <subfield code="l">0</subfield>
    <subfield code="o">F-2182</subfield>
    <subfield code="p">1159809</subfield>
    <subfield code="r">2023-02-23 00:00:00</subfield>
    <subfield code="w">2023-02-23</subfield>
    <subfield code="y">MONOGRAFIA</subfield>
  </datafield>
</record>
